00514nam a2200205Ia 4500003000400000005001700004008004100021020001500062040000700077041000800084082002300092100002300115245006200138250000600200260004700206300001200253365001300265650001500278650001500293OSt20230405153734.0210423s2008 xx 000 0 und d a9785421035 cAL aeng a150.028 223bGRER aGREGORY (Robert J) aPsychological testing: history priciples and applications a4 aNew DelhibPearson Education Pvt Ltdc2008 a654bPB b399cINR aPhilosophy aPsychology